02384cam a22003494i 4500003000900000005001700009008004100026035001900067040003300086082002400119100003000143245003200173264003200205300004600237336002100283337002500304338002300329505106600352526000901418526000901427526000801436526000801444526000801452600003201460910000501492942001401497949014101511596000601652999015701658980005501815952016401870PE-LiUPU20250731183418.0150625s r 000 0 d a(Sirsi) a34862 aPE-LiUPUbspacPE-LiUPUerda04a780.92bC / G762211 aGourdet, Georges,eautor.10aDebussy /cGeorges Gourdet. 1aBarcelona :bDaimon,c1968. a747 páginas :bilustraciones ;c18 cm. atext2rdacontent aunmediated2rdamedia avolume2rdacarrier0 aEl cuerpo humano .-El organismo humano y su constitución .-Los organos y sus funciones .-Las enfermedades y sus síntomas y su evolución .- Unas palabras sobre la historia de la medecina.-Descripción de las enfermedades más corrientes .-Enfermedades del personalidad.-Enfermedades congénitas y de la infancia.-Infecciones , traumatismo y afecciones quirúrgicas .-La ciencia y la naturaleza al servicio de la medecina .- Hidroterapia, helioterapia ,fitoterapia y crenoterapia .-Que son y que nos dice los análisis .-Como medir la temperatura .- Exploración del riñón y sus resultados.-Analisis de sangre .-Transtornos de la coagulación .-Exploración cardaica ydel sistema nervioso .-Exploración del higado .-Exploración del tubo digestivo.-Exploración funcional del aparato respiratorio.-Análisis de secreciones diversas.-Análisis de la leche materna .-Cutirreacciones e intradermorreacciones.-Exploración de las funciones endocrinas .-El arte de cuidar a los enfermos .- Las teorias y las personas en presencia de las. aP158 aP146 aP17 aP12 aP061 aDebussy, Claude.d1862-1918 a 2ddccBOOK a780.92 C / G76wDEWEYc1i23124lCCODEBUL1mBULp00.00r0sYtBOOKu2015-06-25xBIBLIOTECAzUNKNOWN0COMPRAo.STAFF. Colección General a1 a780.92 C / G76wDEWEYc42765i23124f2021-11-9g5lCCODEBUL1mBULr0sYtBOOKu2015-6-25xEDUCACIONzUNKNOWN0COMPRAo.STAFF. Colección Generald42765 81gALBERTO SANCHEZ Responsable de Automatización r2025-12-03 00:00:00i6l0o780.92 C / G76p23124te1w2015-06-25xFACIHEDyBKzinventario-2023-12-13102ddc50708GENfP17aBULbBULcGENd2015-06-25eCOMPRA